| 000 | 00423nam a2200181Ia 4500 | ||
|---|---|---|---|
| 005 | 20240823032112.0 | ||
| 008 | 240823s9999||||xx |||||||||||||| ||und|| | ||
| 041 | _aENGLISH | ||
| 082 | _A398.9 Q0 | ||
| 100 | _aNaveen Kumar | ||
| 245 | 0 | _aUlaga Arigarkalin Pon Mozhigal 500 | |
| 250 | _a1st | ||
| 260 |
_c2010 _b"Narmata,Chennai" |
||
| 500 | _aYES | ||
| 650 |
_aTamil Book _bGeneral |
||
| 942 | _cBK | ||
| 999 |
_c192649 _d192649 |
||